|
|
|
|
| LEADER |
01245pam a22003138a 4500 |
| 001 |
00032808 |
| 005 |
20171026081025.0 |
| 008 |
141128s2014 ||||||Viesd |
| 020 |
# |
# |
|c 15000
|a 9786047325825
|
| 041 |
0 |
# |
|a Vie
|
| 082 |
1 |
4 |
|a 621.36
|b GI108TR
|
| 100 |
1 |
# |
|a Nguyễn, Thanh Hải
|
| 245 |
0 |
0 |
|a Giáo trình xử lý ảnh
|c Nguyễn Thanh Hải
|b Ngành Điện -Điện tử
|
| 260 |
# |
# |
|a T.P. Hồ Chí Minh
|b Đại học Quốc gia T.P. Hồ Chí Minh
|c 2014
|
| 300 |
# |
# |
|a 171 tr.
|c 24 cm.
|b minh họa
|
| 500 |
# |
# |
|a ĐTTS ghi: Bộ Giáo dục và Đào tạo. Trường Đại học Sư phạm Kỹ thuật T.P. Hồ Chí Minh
|
| 653 |
# |
# |
|a Biến đổi ảnh
|
| 653 |
# |
# |
|a Giáo trình
|
| 653 |
# |
# |
|a Xử lý ảnh
|
| 653 |
# |
# |
|a Phân đoạn ảnh
|
| 653 |
# |
# |
|a Lọc ảnh
|
| 653 |
# |
# |
|a Kỹ thuật
|
| 852 |
# |
# |
|b Kho giáo trình
|j KGT.0048092, KGT.0048093, KGT.0048094, KGT.0048095
|
| 852 |
# |
# |
|j KD.0016364
|j KGT.0048092
|j KGT.0048093
|j KGT.0048095
|j KGT.0048094
|
| 852 |
# |
# |
|b Kho đọc
|j KD.0016364
|
| 852 |
# |
# |
|b Kho mượn
|j KGT.0048092
|
| 910 |
|
|
|d 28/11/2014
|
| 980 |
# |
# |
|a Trung tâm Học liệu Lê Vũ Hùng, Trường Đại học Đồng Tháp
|